Authors to Novels - Statistics

General Stats
  • This quiz has been taken 54 times
  • The average score is 20 of 25
Answer Stats
Hint Answer % Correct
Mary Shelley Frankenstein
91%
F. Scott Fitzgerald The Great Gatsby
91%
George Orwell 1984
89%
Bram Stoker Dracula
89%
Mark Twain The Adventures of Huckleberry Finn
87%
Harper Lee To Kill a Mockingbird
87%
Fyodor Dostoyevsky Crime and Punishment
84%
Miguel de Cervantes Don Quixote
84%
Charles Dickens Great Expectations
84%
Ernest Hemingway The Old Man and the Sea
84%
Jules Verne 20,000 Leagues Under the Sea
82%
Herman Melville Moby Dick
82%
Aldous Huxley Brave New World
80%
Ray Bradbury Fahrenheit 451
78%
Gabriel Garcia Marquez One Hundred Years of Solitude
78%
Jane Austen Pride and Prejudice
78%
Charlotte Bronte Jane Eyre
76%
John Milton Paradise Lost
76%
Nathaniel Hawthorne The Scarlet Letter
73%
Toni Morrison Beloved
71%
Albert Camus The Stranger
67%
Emily Bronte Wuthering Heights
64%
Joseph Conrad Heart of Darkness
62%
Ralph Ellison Invisible Man
58%
Stephen Crane The Red Badge of Courage
58%
No matching quizzes found
Score Distribution
Percent of People with Each Score
Percentile by Number Answered
Your Score History
You have not taken this quiz